书目信息 |
| 题名: |
以案说法:安全生产法
|
|
| 作者: | 宋富法 , 高芳芳 编著 | |
| 分册: | ||
| 出版信息: | 北京 中国社会出版社 2008.01 |
|
| 页数: | 159页 | |
| 开本: | 21cm | |
| 丛书名: | 以案说法丛书 | |
| 单 册: | ||
| 中图分类: | D920.5 | |
| 科图分类: | ||
| 主题词: | 案例--an li--分析--中国 , 安全生产法--an quan sheng chan fa--案例--分析--中国 | |
| 电子资源: | ||
| ISBN: | 978-7-5087-1966-5 | |
| 000 | 00997nam 2200277 450 | |
| 001 | 012008252807 | |
| 005 | 20080702144807.70 | |
| 010 | @a978-7-5087-1966-5@dCNY9.00 | |
| 100 | @a20080702d2008 em y0chi0120 ea | |
| 101 | 0 | @achi |
| 102 | @aCN@b110000 | |
| 105 | @ay z 000yy | |
| 106 | @ar | |
| 200 | 1 | @a以案说法:安全生产法@Ayi an shuo fa:an quan sheng chan fa@f宋富法, 高芳芳编著@Fsong fu fa,gao fang fang bian zhu |
| 210 | @a北京@c中国社会出版社@d2008.01 | |
| 215 | @a159页@d21cm | |
| 225 | 2 | @a以案说法丛书@Ayi an shuo fa cong shu@v44 |
| 330 | @a本书包括生产经营单位的安全生产保障、安全生产的监督管理、生产安全事故的应急救援与调查处理、法律责任以及附则等六章。 | |
| 410 | 0 | @12001 @a以案说法丛书 |
| 606 | 0 | @a案例@Aan li@x分析@y中国 |
| 606 | 0 | @a安全生产法@Aan quan sheng chan fa@x案例@x分析@y中国 |
| 690 | @aD920.5@v4 | |
| 701 | 0 | @a宋富法@Asong fu fa@4编著 |
| 701 | 0 | @a高芳芳@Agao fang fang@4编著 |
| 801 | 0 | @aCN@bQSSK@c20080702 |
| 905 | @b730867-69@dD920.5@eS760@f3 | |
| 以案说法:安全生产法/宋富法, 高芳芳编著.-北京:中国社会出版社,2008.01 |
| 159页;21cm.-(以案说法丛书;44) |
| ISBN 978-7-5087-1966-5:CNY9.00 |
| 本书包括生产经营单位的安全生产保障、安全生产的监督管理、生产安全事故的应急救援与调查处理、法律责任以及附则等六章。 |
| ● |
| 相关链接 |
|
|
|
正题名:以案说法:安全生产法
索取号:D920.5/S760
 
预约/预借
| 序号 | 登录号 | 条形码 | 馆藏地/架位号 | 状态 | 备注 |
| 1 | 730867 | 207308670 | 社科库509/509社科库 83排8列6层/ [索取号:D920.5/S760] | 在馆 | |
| 2 | 730868 | 207308689 | 社科库509/509社科库 83排8列6层/ [索取号:D920.5/S760] | 在馆 | |
| 3 | 730869 | 207308698 | 社科库509/509社科库 83排8列6层/ [索取号:D920.5/S760] | 在馆 |